|
|
|
|
| LEADER |
03120nam a2200721 4500 |
| 001 |
ocn812178364 |
| 003 |
OCoLC |
| 005 |
20171024110701.0 |
| 006 |
m o d |
| 007 |
cr cnu---unuuu |
| 008 |
121008s2013 iaua ob 001 0 eng d |
| 040 |
|
|
|a N$T
|b eng
|e pn
|c N$T
|d YDXCP
|d OCLCQ
|d E7B
|d ORE
|d DG1
|d OCLCF
|d UKDOC
|d RIV
|d NLGGC
|d COO
|d OCLCQ
|d DEBBG
|d D6H
|d DG1
|d CHVBK
|d LIP
|d OCLCQ
|d GWDNB
|d GrThAP
|
| 016 |
7 |
|
|a 106333537X
|2 DE-101
|
| 016 |
7 |
|
|a 1063285410
|2 DE-101
|
| 019 |
|
|
|a 899164910
|a 992824903
|
| 020 |
|
|
|a 9781118704738
|q (electronic bk.)
|
| 020 |
|
|
|a 1118704738
|q (electronic bk.)
|
| 020 |
|
|
|a 9781118472101
|q (electronic bk.)
|
| 020 |
|
|
|a 1118472101
|q (electronic bk.)
|
| 020 |
|
|
|z 9780470961629
|
| 020 |
|
|
|z 0470961627
|
| 029 |
1 |
|
|a AU@
|b 000051628861
|
| 029 |
1 |
|
|a CHNEW
|b 000940701
|
| 029 |
1 |
|
|a CHVBK
|b 480210047
|
| 029 |
1 |
|
|a DEBBG
|b BV041048898
|
| 029 |
1 |
|
|a DEBBG
|b BV043395102
|
| 029 |
1 |
|
|a DEBSZ
|b 48502778X
|
| 029 |
1 |
|
|a GBVCP
|b 790206323
|
| 029 |
1 |
|
|a NZ1
|b 15916226
|
| 029 |
1 |
|
|a GWDNB
|b 106333537X
|
| 029 |
1 |
|
|a GWDNB
|b 1063285410
|
| 035 |
|
|
|a (OCoLC)812178364
|z (OCoLC)899164910
|z (OCoLC)992824903
|
| 050 |
|
4 |
|a SF769.47
|b .V48 2013eb
|
| 060 |
|
4 |
|a SF 769.47
|
| 072 |
|
7 |
|a MED
|x 089020
|2 bisacsh
|
| 072 |
|
7 |
|a MED
|x 089030
|2 bisacsh
|
| 082 |
0 |
4 |
|a 636.089/4
|2 23
|
| 049 |
|
|
|a MAIN
|
| 245 |
0 |
0 |
|a Veterinary forensics :
|b animal cruelty investigations /
|c Melinda D. Merck, editor.
|
| 250 |
|
|
|a 2nd ed.
|
| 260 |
|
|
|a Ames, Iowa :
|b John Wiley & Sons, Inc.,
|c ©2013.
|
| 300 |
|
|
|a 1 online resource :
|b illustrations
|
| 336 |
|
|
|a text
|b txt
|2 rdacontent
|
| 337 |
|
|
|a computer
|b c
|2 rdamedia
|
| 338 |
|
|
|a online resource
|b cr
|2 rdacarrier
|
| 504 |
|
|
|a Includes bibliographical references and index.
|
| 505 |
0 |
|
|a The legal system : the veterinarian's role and responsibilities -- Crime scene investigation -- CSI : examination of the animal -- Special considerations in animal cruelty cases -- Blunt force trauma -- Sharp force injuries -- Burn, electrical, and fire related injuries -- Firearm injuries -- Asphyxia -- Poisoning -- Neglect -- Sexual abuse -- Animal fighting -- Postmortem changes and the postmortem interval -- Forensic entomology : the use of insects in animal cruelty cases -- Large animal cruelty -- Avian cruelty.
|
| 588 |
0 |
|
|a Print version record.
|
| 650 |
|
0 |
|a Veterinary forensic medicine.
|
| 650 |
|
0 |
|a Animal welfare.
|
| 650 |
|
2 |
|a Animal Welfare.
|
| 650 |
|
2 |
|a Forensic Medicine.
|
| 650 |
|
2 |
|a Veterinary Medicine.
|
| 650 |
|
7 |
|a MEDICAL
|x Veterinary Medicine
|x Food Animal.
|2 bisacsh
|
| 650 |
|
7 |
|a MEDICAL
|x Veterinary Medicine
|x Small Animal.
|2 bisacsh
|
| 650 |
|
7 |
|a Animal welfare.
|2 fast
|0 (OCoLC)fst00809431
|
| 650 |
|
7 |
|a Veterinary forensic medicine.
|2 fast
|0 (OCoLC)fst01431663
|
| 655 |
|
4 |
|a Llibres electronics.
|
| 655 |
|
4 |
|a Electronic books.
|
| 700 |
1 |
|
|a Merck, Melinda.
|
| 776 |
0 |
8 |
|i Print version:
|t Veterinary forensics.
|b 2nd ed.
|d Ames, Iowa : John Wiley & Sons, Inc., ©2013
|z 9780470961629
|w (DLC) 2012020845
|w (OCoLC)794257381
|
| 856 |
4 |
0 |
|u https://doi.org/10.1002/9781118704738
|z Full Text via HEAL-Link
|
| 994 |
|
|
|a 92
|b DG1
|